Bibliografía e historia de las colecciones literarias en España (1907-1957) / (Record no. 187559)

MARC details
000 -LEADER
campo de control de longitud fija 01095nam a2200253 i 4500
001 - NÚMERO DE CONTROL
campo de control 187559
003 - IDENTIFICADOR DE NÚMERO DE CONTROL
campo de control ES-MaACL
005 - FECHA Y HORA DE LA ÚLTIMA TRANSACCIÓN
campo de control 20240616063032.0
008 - DATOS DE LONGITUD FIJA--INFORMACIÓN GENERAL
campo de control de longitud fija 171127s1996 sp a b |||| | spa d
080 ## - NÚMERO DE LA CLASIFICACIÓN DECIMAL UNIVERSAL
Número de la Clasificación Decimal Universal 016:82(082.1)(460)
100 1# - ENTRADA PRINCIPAL--NOMBRE DE PERSONA
Nombre de persona Sánchez Álvarez-Insúa, Alberto,
Fechas asociadas al nombre 1942-2011
9 (RLIN) 102453
245 10 - MENCIÓN DEL TÍTULO
Título Bibliografía e historia de las colecciones literarias en España (1907-1957) /
Mención de responsabilidad, etc. Alberto Sánchez Álvarez-Insúa.
250 ## - MENCION DE EDICION
Mención de edición Ed. no venal.
260 ## - PUBLICACIÓN, DISTRIBUCIÓN, ETC.
Lugar de publicación, distribución, etc. Madrid :
Nombre del editor, distribuidor, etc. Libris,
Fecha de publicación, distribución, etc. 1996.
300 ## - DESCRIPCIÓN FÍSICA
Extensión 165 p. :
Otras características físicas il. col. ;
Dimensiones 24 cm.
500 ## - NOTA GENERAL
Nota general Edición no venal de 2000 ejemplares, ejemplar nnumerado con el nº 363.
504 ## - NOTA DE BIBLIOGRAFÍA, ETC.
Nota de bibliografía, etc. Bibliografía: p. [75]-77.
650 14 - PUNTO DE ACCESO ADICIONAL DE MATERIA--TÉRMINO DE MATERIA
Término de materia o nombre geográfico como elemento de entrada Literatura-
Subdivisión de forma Publicaciones seriadas-
Subdivisión geográfica España-
Subdivisión de forma Bibliografías.
9 (RLIN) 163955
650 #4 - PUNTO DE ACCESO ADICIONAL DE MATERIA--TÉRMINO DE MATERIA
Término de materia o nombre geográfico como elemento de entrada Literatura española-
Subdivisión cronológica S.XX-
Subdivisión de forma Bibliografías.
9 (RLIN) 163956
710 2# - ENTRADA AGREGADA--NOMBRE DE ENTIDAD CORPORATIVA
Nombre de entidad corporativa o nombre de jurisdicción como elemento de entrada Asociación de Libreros de Viejo.
9 (RLIN) 144582
852 ## - LOCALIZACIÓN
Ubicación ES-MaACL
Número de control de estantería A-14043
itemnumber 194645
Sublocalización o colección R.151586
Ubicación en estantería Depósito 1
Signatura antigua Olim: N-7043
Anotaciones manuscritas Dedicatoria autógrafa personal
942 ## - ELEMENTOS DE ENTRADA SECUNDARIOS (KOHA)
Fuente del sistema de clasificación o colocación Clasificación decimal universal
Tipo de ítem Koha Libro impreso
Holdings
Estatus retirado Estado de pérdida Fuente del sistema de clasificación o colocación Estado de daño No para préstamo Colección Biblioteca de origen Biblioteca actual Ubicación en estantería Fecha de adquisición Fuente de adquisición Total de préstamos Signatura topográfica completa Código de barras Visto por última vez Precio de reemplazo Tipo de ítem Koha Nota pública
    Clasificación decimal universal     Libros con dedicatorias Biblioteca del Ateneo de Madrid Biblioteca del Ateneo de Madrid Depósito 1 27/11/2017 Donación   A-14043 1198101 23/02/2023 23/02/2023 Libro impreso Dedicatoria autógrafa personal